Estatísticas para Logótipos da Marca #1

Clique aqui para jogar o quiz

Estatísticas Gerais

  • Esse quiz foi jogado 460 vezes
  • A pontuação média é 14 de 20

Estatísticas das Respostas

Resposta% Correto
Adidas
98%
Apple
98%
Pepsi
98%
Amazon
97%
Monster
97%
Wikipédia
97%
PlayStation
95%
Shell
94%
Pringles
88%
KFC
85%
Pizza Hut
78%
JetPunk
65%
Taco Bell
65%
Atari
52%
Yamaha
50%
Dolby
48%
Target
47%
BP
27%
Firestone
25%
Xerox
14%

Distribuição das Pontuações

Percentil de Números Respondidos

Porcentagem de Pessoas com Cada Pontuação

Sua Pontuação Histórica

Você não jogou esse quiz